| 000 | 00703nam a22002297a 4500 | ||
|---|---|---|---|
| 003 | UA-OsUOA | ||
| 001 | 32767 | ||
| 007 | ta | ||
| 008 | 20050210b un ||||| |||| 00| 0 ukr d | ||
| 090 |
_a94(477).07 _bО-95 |
||
| 942 | _cBK | ||
| 040 |
_aUA-OsUOA _brus _cUA-OsUOA _dUA-OsUOA |
||
| 245 |
_aОчерки развития социально-классовой структуры УССР _b1917-1937 _cОтв. ред. Кульчицкий С. В. |
||
| 300 | _a238 с. | ||
| 955 | _a1 | ||
| 041 | _arus | ||
| 080 | _a94(477).07 | ||
| 260 |
_aКиев _bНаукова думка _c1987 |
||
| 044 | _aUA | ||
| 650 | 7 |
_a9 Географія. Біографії. Історія _2UDC |
|
| 999 |
_c319219 _d319219 |
||